| 000 | 00569nam a2200193Ia 4500 | ||
|---|---|---|---|
| 003 | LDD | ||
| 008 | 181029s9999 xx 000 0 und d | ||
| 020 |
_a9780826126771 _c _85.00 |
||
| 040 | _cLDD | ||
| 100 | _aFitzpatrick, Joyce J. | ||
| 245 | 0 |
_aNursing concept analysis _bapplications to research and pratice _cJoyce J. Fitzpatrick |
|
| 260 |
_aNewyork _bSpringer _c2016 |
||
| 300 | _axiii,311p. | ||
| 365 |
_b _85.00 |
||
| 901 |
_a16006 _b11-08-2017 |
||
| 902 |
_a4349 _b18-08-2017 _cF _dBBD _e61A |
||
| 903 |
_aDiscount-20 _bReqst by : Neerja Sood |
||
| 942 |
_2ddc _cBK |
||
| 999 |
_c122540 _d122540 |
||